Name the Wings of Fire Dragon - MudWings - Statistics

General Stats
  • This quiz has been taken 15 times
  • The average score is 8 of 15
Answer Stats
Picture Answer % Correct
Clay
100%
Crocodile
100%
Marsh
90%
Reed
90%
Pheasant
80%
cattail
60%
Crane
60%
Umber
60%
Bullfrog
50%
Queen Moorhen / Moorhen
30%
Newt
20%
Ochre
20%
Gharial
10%
Mayfly
10%
Swamp
0%
No matching quizzes found
Score Distribution
Percent of People with Each Score
Percentile by Number Answered
Your Score History
You have not taken this quiz